La metaphysica
Պահպանված է:
| Հիմնական հեղինակ: | |
|---|---|
| Ձևաչափ: | Գիրք |
| Լեզու: | իսպաներեն |
| Հրապարակվել է: |
Mendoza
Universidad de Cuyo
2005
|
| Խորագրեր: | |
| Ցուցիչներ: |
Ավելացրեք ցուցիչ
Չկան պիտակներ, Եղեք առաջինը, ով նշում է այս գրառումը!
|
MARC
| LEADER | 00000nam a2200000 a 4500 | ||
|---|---|---|---|
| 001 | UCJ2347 | ||
| 003 | CL-VaPUC | ||
| 008 | 061207e20050000AG |||||||||||||||||spa|d | ||
| 020 | |a 9871024924 | ||
| 082 | 0 | 4 | |a 110 |b SEP |2 21 |
| 100 | 0 | |a Sepich-Lange, Juan Ramón |e author |9 503359 | |
| 245 | 1 | 3 | |a La metaphysica |
| 300 | |a 257 p | ||
| 942 | |c BK | ||
| 945 | |d 20061207 00:00:00 |a jtorresc | ||
| 260 | |a Mendoza |b Universidad de Cuyo |c 2005 | ||
| 650 | 0 | |a Metafísica |9 265649 | |
| 583 | |a last modification |c 20121109 09:21:50 |k Rodrigo Vera | ||
| 999 | |c 318675 |d 318673 | ||
| 952 | |0 0 |1 0 |4 0 |6 110_000000000000000_SEP_2005 |7 0 |8 A |9 396662 |a BIBEDU |b BIBEDU |d 2019-11-22 |i 4273060 |o 110 SEP 2005 |p 4273060 |r 2019-11-22 |w 2019-11-22 |y BK |k LIT | ||